Camarade de Mario party jamboree - Statistiques

Statistiques générales
  • Ce quiz a été pris 29 fois
  • Le résultat moyen est 9 sur 10
Statistiques - réponses
Réponse % Correct
Luigi
100%
Mario
100%
Peach
100%
Daisy
96%
Wario
93%
Rosalina
89%
Waluigi
89%
Yoshi
89%
Donkey kong
75%
Bowser jr
64%
Aucun quiz correspondant
Distribution des résultats
% des personnes avec chaque résultat
Percentile par nombre de réponses
Votre historique - résultats
Vous n’avez pas pris ce quiz